| 000 | 00900nam a22002537a 4500 | ||
|---|---|---|---|
| 999 |
_c64850 _d64850 |
||
| 005 | 20240530110754.0 | ||
| 008 | 181226s2017 ua g 000 |aara d | ||
| 017 |
_a2017/10851 _bمصر. دار الكتب |
||
| 020 | _a9789770934234 | ||
| 040 |
_aEG-CaGPL _cEG-CaGPL |
||
| 082 | 0 | 4 |
_221 _a923.2 / _bع أ |
| 100 | 0 | _aعبدالله السناوى | |
| 245 | 1 | 0 |
_aاحاديث برقاش : _bهيكل بلا حواجز / _cعبدالله السناوى |
| 250 | _aط.1 | ||
| 260 |
_aالقاهرة : _bدار الشروق ، _c2017. |
||
| 300 |
_a338 ص. ؛ _c24 سم. |
||
| 600 | 0 |
_aمحمد حسنين هيكل _vتراجم |
|
| 650 | 0 | 7 |
_2qrmak _aالاحوال السياسية |
| 650 | 0 | 7 |
_2qrmak _aالمذكرات |
| 651 | 0 | 7 |
_2qrmak _aمصر _xتاريخ |
| 651 | 0 | 7 |
_2qrmak _aمصر _xالاحوال السياسية |
| 942 |
_2ddc _cBK |
||